Tableaux par artistes - Statistiques

Statistiques générales
  • Ce quiz a été pris 5 182 fois
  • Le résultat moyen est 11 sur 24
Statistiques - réponses
Par images Réponse % Correct
Léonard de Vinci
99%
Pablo Picasso
97%
Claude Monet
84%
Edvard Munch
78%
Eugène Delacroix
78%
Michel-Ange
75%
Sandro Botticelli
68%
Johannes Vermeer
55%
Raphaël
48%
Vincent Van Gogh
48%
Rembrandt
46%
Gustave Courbet
37%
Jacques-Louis David
35%
Le Caravage
31%
Caspar David Friedrich
27%
Paul Gauguin
27%
Jan van Eyck
26%
Diego Velazquez
24%
Paul Cézanne
23%
Pierre Paul Rubens
20%
Brueghel l'Ancien
18%
Nicolas Poussin
18%
Titien
12%
Cimabue
5%
Aucun quiz correspondant
Distribution des résultats
% des personnes avec chaque résultat
Percentile par nombre de réponses
Votre historique - résultats
Vous n’avez pas pris ce quiz